Statistics for Toronto Raptors Top 10 Leaders Playoffs

Click here to take the quiz!

General Stats

  • This quiz has been taken 299 times
    (234 since last reset)
  • The average score is 10 of 20

Answer Stats

Players% Correct
Kyle Lowry
95%
DeMar DeRozan
93%
Vince Carter
92%
Pascal Siakam
91%
Kawhi Leonard
88%
Fred VanVleet
87%
Marc Gasol
70%
Jonas Valančiūnas
68%
Serge Ibaka
68%
OG Anunoby
52%
Antonio Davis
42%
Danny Green
39%
Alvin Williams
34%
Norman Powell
33%
Terrence Ross
30%
Bismack Biyombo
23%
Patrick Patterson
13%
DeMarre Carroll
12%
Cory Joseph
7%
Chris Childs
3%

Score Distribution

Percentile by Number Answered

Percent of People with Each Score

Your Score History

You have not taken this quiz since the last reset